Exploring the Old Testament : (Record no. 19941)

MARC details
000 -LEADER
fixed length control field 00660cam a22002172 4500
001 - CONTROL NUMBER
control field 0000000806
003 - CONTROL NUMBER IDENTIFIER
control field OSt
005 - DATE AND TIME OF LATEST TRANSACTION
control field 20230208145415.0
008 - FIXED-LENGTH DATA ELEMENTS--GENERAL INFORMATION
fixed length control field 070220s xx 000 0 eng d
020 ## - INTERNATIONAL STANDARD BOOK NUMBER
International Standard Book Number 0830853120
Terms of availability GBP 25
040 ## - CATALOGING SOURCE
Original cataloging agency KABU
Transcribing agency KABU
050 #0 - LIBRARY OF CONGRESS CALL NUMBER
Classification number BS1227
Item number .M33 2002
100 1# - MAIN ENTRY--PERSONAL NAME
Personal name McConville J. Gordon
245 10 - TITLE STATEMENT
Title Exploring the Old Testament :
Remainder of title a guide to the Prophets /
Statement of responsibility, etc. J. Gordon McConville
260 ## - PUBLICATION, DISTRIBUTION, ETC. (IMPRINT)
Place of publication, distribution, etc. Downers Grove, Ill. :
Name of publisher, distributor, etc. Inter Varsity Press,
Date of publication, distribution, etc. 2002
300 ## - PHYSICAL DESCRIPTION
Extent xxxii, 272p.
630 00 - SUBJECT ADDED ENTRY--UNIFORM TITLE
Uniform title Bible.
Name of part/section of a work O.T.
-- Pentateuch.
General subdivision Study & teaching.
908 ## - PUT COMMAND PARAMETER (RLIN)
Put command parameter 070220
942 ## - ADDED ENTRY ELEMENTS (KOHA)
Source of classification or shelving scheme Library of Congress Classification
Koha item type General Collection
Holdings
Withdrawn status Lost status Source of classification or shelving scheme Not for loan Home library Current library Date acquired Cost, normal purchase price Total Checkouts Full call number Barcode Date last seen Date last checked out Price effective from Koha item type
    Library of Congress Classification   Kabarak, Main Campus Kabarak, Main Campus 06/02/2023 7156.00 2 BS1227 .M33 2002 c.1 34748 22/11/2024 20/11/2024 06/02/2023 General Collection
Designed with assistance from East African Informatics Ltd